000 00554nam a2200181 i 4500
001 76181
003 ES-MaACL
005 20251008063050.0
007 t|
008 040929q1945 sp ||||1| spa d
100 0 _aComillas, Juan Antonio Güell y López,
_cMarqués de
_940006
245 1 3 _aEl poeta Verdaguer /
_cpor el Conde de Güell, Marqués de Comillas.
260 _a[S.l. :
_bs.n.,
_c1945?]
300 _a94 p. ;
_c24 cm.
600 1 4 _aVerdaguer, Jacint,
_d1845-1902
_9113998
852 _aES-MaACL
_jF-7615
999 _c76181
_d76181